000 00951nam a22002537a 4500
008 081119t xxu||||| |||| 00| 0 eng d
010 _aENG-91663
020 _a9788190713016
_c690.00
035 _aEN-75196
037 _bDBAD / PUB
040 _adpl
_bEnglish
082 _a342.54
245 _aHistory of constitutional developments /
_cedited by Braham Singh
260 _aNew Delhi
_bAlfa Publications
_c2008
270 _a4398/5, Ansari Road, Daryaganj,
_bNew Delhi
_e110002
300 _av, 280p.
_c22cm (Hb)
500 _aIncludes index
650 _aConstitutional history
_zIndia
650 _aConstitutional law
_zIndia
651 _aIndia
_xPolitics and government
700 _aBraham Singh
942 _2ddc
_cEN
_mHIS
_h342.54
999 _c18700
_d18700